Geography for Dummies #3 - Statistics

General Stats
  • This quiz has been taken 83 times
  • The average score is 35 of 45
Answer Stats
Question Tile Select % Correct
Island Countries Nepal No
100%
Island Countries Ukraine No
98%
Island Countries Chad No
97%
Island Countries Maldives Yes
97%
Island Countries Cuba Yes
95%
Island Countries Iceland Yes
94%
Island Countries Malta Yes
94%
Post-Soviet Countries Japan No
92%
Countries in the Indian Subcontinent Turkey No
92%
Countries in the Indian Subcontinent Bangladesh Yes
90%
Island Countries San Marino No
89%
Countries in the Indian Subcontinent UAE No
89%
Post-Soviet Countries Afghanistan No
85%
Post-Soviet Countries Finland No
85%
Island Countries Australia Yes
82%
Countries in the Indian Subcontinent Nepal Yes
82%
Countries in the Indian Subcontinent Qatar No
82%
Post-Soviet Countries Belarus Yes
79%
Countries in the Indian Subcontinent Bhutan Yes
79%
Countries in the Horn of Africa Mozambique No
77%
Japanese Islands Great Britain No
76%
Japanese Islands Greenland No
76%
Post-Soviet Countries Kazakhstan Yes
74%
Japanese Islands Long Island No
74%
Countries in the Horn of Africa Madagascar No
74%
Japanese Islands Falklands No
73%
Post-Soviet Countries Mongolia No
73%
Japanese Islands Honshu Yes
71%
Japanese Islands Shikoku Yes
71%
Countries in the Horn of Africa South Sudan No
71%
Japanese Islands Hokkaido Yes
69%
Japanese Islands Kyushu Yes
69%
Countries in the Horn of Africa Niger No
69%
Countries in the Indian Subcontinent Pakistan Yes
69%
Countries in the Horn of Africa Somalia Yes
69%
Japanese Islands Ceylon No
68%
Countries in the Horn of Africa Sudan No
68%
Countries in the Indian Subcontinent Cambodia No
66%
Countries in the Horn of Africa Djibouti Yes
65%
Countries in the Horn of Africa Eritrea Yes
65%
Post-Soviet Countries Armenia Yes
63%
Post-Soviet Countries Azerbaijan Yes
63%
Countries in the Horn of Africa Ethiopia Yes
63%
Post-Soviet Countries Estonia Yes
56%
Countries in the Indian Subcontinent Myanmar (Burma) No
37%
No matching quizzes found
Score Distribution
Percent of People with Each Score
Percentile by Number Answered
Your Score History
You have not taken this quiz